All Friday Night Funkin Week Names - Statistics

General Stats
  • This quiz has been taken 86 times
    79 since last reset
  • The average score is 5 of 10
Answer Stats
Week Name % Correct
Week 1 Daddy Dearest
89%
Week 3 Pico
86%
Week 4 Mommy Must Murder
71%
Week 2 Spooky Month
68%
Week 6 Hating Simulator
59%
Week 5 Red Snow
50%
Bonus Week Back Alley Blitz
18%
CG5 Mod Week 1 CG5
14%
Week X Hextravaganza
4%
CG5 Mod Tutorial OR3O
2%
No matching quizzes found
Score Distribution
Percent of People with Each Score
Percentile by Number Answered
Your Score History
You have not taken this quiz since the last reset